Mediacin̤ civil y mercantil

Detalles Bibliográficos
Autor principal: ℓlvarez Torres, Manuel
Formato: eBook
Lenguaje:español
Publicado: Madrid: Dykinson, 2013
Materias:
Acceso en línea:Acceso restringido

MARC

LEADER 00000nam a22000007a 4500
005 20140602213518.0
007 cr|||| ||||
008 140602s2013 es |||||s|||| 00||0 spa d
020 |a 978-84-9031-806-5 
035 |a 12184 
040 |a vLex 
090 |c 4969  |d 4969 
100 1 |a ℓlvarez Torres, Manuel 
245 1 0 |a Mediacin̤ civil y mercantil  |h [Recurso electrn̤ico] /  |c Manuel ℓlvarez Torres 
256 |a Servicio en ln̕ea 
260 |a Madrid:  |b Dykinson,  |c 2013 
300 |a 1 recurso electrn̤ico 
500 |a El libro est ̀compuesto de tres grandes bloques. El primero trata sobre el panorama global, donde expone una serie de puntos como son el facilitar el acceso a la justicia; que sea una prioridad polt̕ica el uso de las ADR; habla de la dimensin̤ internacional de las ADR; y por l︢timo, de ser un mandato bisagra, es decir, la importancia que tiene el recoger de forma detallada las iniciativas y trabajos realizados en los Estados en materias de ADR en m̀bitos civiles y mercantiles, lo que llevo a la comisin̤ a la elaboracin̤ y presentacin̤ del presente libro. El segundo bloque se apoya en los trabajos emprendidos, donde estudia los distintos trabajos desarrollados sobre ADR en los distintos Estados miembros y en la Unin̤ Europea. Y el tercer bloque hace referencia a cm̤o garantizar la calidad de los ADR, tratando los plazos de prescripcin̤; las garanta̕s mn̕imas de calidad, como la confidencialidad, la validez del consentimiento (es necesario que haya acuerdo entre las partes y que se refleje que existe una voluntad real de las partes a aceptar el posible acuerdo con todo lo que ello implica); y la eficacia de las ADR. 
506 1 |a Disponible solo en los productos indicados  |d vLex Global  |d vLex Global (Academic Edition, excluding Law Schools)  |d vLex Global (U.S. Academic Edition, Law Schools)  |d vLex Global (U.S. Academic Edition, excluding Law Schools)  |d vLex Global (Academic Edition, Law Schools) 
650 0 4 |a Derecho Civil  |z Espaą 
650 0 4 |a Derecho Mercantil y de la Empresa  |z Espaą 
740 0 |a vLex Libros (Servicio en ln̕ea) 
856 4 0 |u http://vlex.com/source/mediacion-civil-y-mercantil-12184  |z Acceso restringido 
942 |c BOOK 
999 0 |a Civil Law 
999 0 |a Commercial Law and Business